Statistics for Rooster Teeth Employees #1

Click here to take the quiz!

General Stats

  • This quiz has been taken 7 times
    (4 since last reset)
  • The average score is 10 of 17

Answer Stats

Answer% Correct
Gavin Free
100%
Geoff Ramsey
100%
Lindsay Jones
100%
Michael Jones
100%
Barbara Dunkleman
67%
Burnie Burns
67%
Gus Sorola
67%
Jack Pattillo
67%
James Willems
67%
Kerry Shawcross
67%
Matt Hullum
67%
Miles Luna
67%
Bruce Greene
33%
Elyse Willems
33%
Mariel Salcedo
33%
Lawrence Sonntag
0%
Matt Peake
0%

Score Distribution

Percentile by Number Answered

Percent of People with Each Score

Your Score History

You have not taken this quiz since the last reset